The Emergence of Family Into the 21st Century : (Record no. 611632)

MARC details
000 -LEADER
fixed length control field 00544nam a2200193 a 4500
008 - FIXED-LENGTH DATA ELEMENTS--GENERAL INFORMATION
fixed length control field 260211s2001##################000#0#eng##
020 ## - INTERNATIONAL STANDARD BOOK NUMBER
ISBN 9780763711054
082 04 - DEWEY DECIMAL CLASSIFICATION NUMBER
Classification number 306.85
Item number MUN
100 1# - MAIN ENTRY--AUTHOR NAME
Personal name Munhall, Patricia L.,
245 10 - TITLE STATEMENT
Title The Emergence of Family Into the 21st Century :
260 ## - PUBLICATION, DISTRIBUTION, ETC. (IMPRINT)
Name of publisher Jones & Bartlett Learning,
Year of publication 2001.
300 ## - PHYSICAL DESCRIPTION
Number of Pages 368 pages
650 #0 - SUBJECT ADDED ENTRY--TOPICAL TERM
Topical Term Family & Relationships.
942 ## - ADDED ENTRY ELEMENTS (KOHA)
Koha item type English Books
Holdings
Withdrawn status Lost status Damaged status Not for loan Home library Current library Shelving location Date acquired Full call number Accession Number Price effective from Koha item type
        Anna Centenary Library Anna Centenary Library 3RD FLOOR, B WING 11.02.2026 306.85 MUN 398866 11.02.2026 English Books

Find us on the map